000 00519nam a22001937a 4500
003 KOHA_MİRAKIL
005 20250411132534.0
008 250411b tu ||||| |||| 00| 0 tur d
020 _a9789755339016
040 _aTR-AnABB
_btur
_cTR-AnABB
041 _atur
082 _a398.2
_bDIR 2018
100 1 _aDirr, Adolf,
245 1 0 _aKafkas masalları /
_cAdolf Dirr
260 _aAnkara :
_bİmge Kitapevi,
_c2018
300 _a111 sayfa ;
_c20 cm
650 0 4 _aAlman edebiyatı, masal
942 _2ddc
_cBK
999 _c8639
_d8639
900 _bGizem YORULMAZ